000 00803nam a2200241Ia 4500
003 GCL
008 140319s9999 xx 000 0 ara d
020 _a4126110977
040 _aGCL /
_cGCL
082 0 4 _a155.413
_bس ل
100 1 _aسهير محمود امين
245 1 0 _aاللجلجة :
_bالمفهوم - الاسباب - العلاج /
_cسهير محمود امين
250 _aالاولى
260 _aالقاهرة :
_bدار الفكر العربى ،
_c2000
300 _a184 ص ؛
_c24 سم
490 _aسلسلة الفكر العربى فى التربية الخاصة
_v2
650 0 4 _aالتعلم
650 0 4 _aالكلام
650 0 4 _aالاطفال - علم نفس
650 0 4 _aالاطفال - لغة
650 0 4 _aعيوب الكلام
942 _2ddc
_cBK
999 _c5725
_d5725